| 000 | 00812nam a22002417a 4500 | ||
|---|---|---|---|
| 005 | 20170124110241.0 | ||
| 010 | _aA-943448 | ||
| 020 |
_c1850.00 _a8185026386 |
||
| 035 | _aA-943448 | ||
| 037 | _bCen Lib/Ret | ||
| 040 |
_aDPL _bEN |
||
| 082 |
_a725.940954 _bVIC |
||
| 245 |
_aThe Victoria Memorial Hall, Calcutta : _cedited by Philippa Vaughan _bconception, collections, conservation / |
||
| 246 | _b | ||
| 260 |
_aMumbai _bMarg Publications _c1977 |
||
| 270 |
_bBombay _a148, Mahatama Gandhi road _e400001 |
||
| 300 |
_ax160p. : _c32cm(Hb) _bill. |
||
| 500 | _aIncludes bibliographical references and index | ||
| 650 |
_a Art, European -- 19th century. _994820 |
||
| 650 |
_aArt -- India. _939034 |
||
| 700 |
_aVaughan, Philippa _994821 |
||
| 942 |
_2ddc _cEN _h725.940954 _mVIC |
||
| 999 |
_c135157 _d135157 |
||